Virtual social identity and consumer behavior / (Record no. 75325)

MARC details
000 -LEADER
fixed length control field 00683nam a22002057a 4500
005 - DATE AND TIME OF LATEST TRANSACTION
control field 20130510155254.0
010 ## - LCCN (DPL NO)
LC control number ENG-107022
020 ## - INTERNATIONAL STANDARD BOOK NUMBER
International Standard Book Number 9788184050691
Terms of availability 825.00
035 ## - SYSTEM CONTROL NUMBER
System control number EN-90555
037 ## - SOURCE OF ACQUISITION
Source of stock number/acquisition DBAD/PUB
082 ## - DEWEY DECIMAL CLASSIFICATION NUMBER
Classification number 306.3
245 ## - TITLE STATEMENT
Title Virtual social identity and consumer behavior /
Statement of responsibility, etc edited by Natalie T. Wood [and] Michael R. Solomon
260 ## - PUBLICATION, DISTRIBUTION, ETC. (IMPRINT)
Place of publication, distribution, etc New Delhi
Name of publisher, distributor, etc Reference Press
Date of publication, distribution, etc 2011
270 ## - ADDRESS
Address 4831/24, Ansari Road, Daryaganj
City New Delhi
Postal code 110002
300 ## - PHYSICAL DESCRIPTION
Extent xv, 230p.:
Other physical details ill.
Dimensions 22cm(Hb)
500 ## - GENERAL NOTE
General note Includes bibliographical references and index
700 ## - ADDED ENTRY--PERSONAL NAME
Personal name Wood,Natalie T.
700 ## - ADDED ENTRY--PERSONAL NAME
Personal name Solomon, Michael R.
942 ## - ADDED ENTRY ELEMENTS (KOHA)
Source of classification or shelving scheme Dewey Decimal Classification
Item type English Books
Classification part 306.3
Call number suffix VIR
Holdings
Withdrawn status Lost status Not for loan Collection code Home library Current library Date acquired Source of acquisition Cost, normal purchase price Full call number Barcode Copy number Cost, replacement price Koha item type
    Not For Loan Non-fiction D.B.Act.Division D.B.Act.Division 09/05/2013 DBAD 825.00 306.3 VIR EN-90555 1 825.00 English Books

© Delhi Public Library
Hit Counter
free hit counter